| 000 | 00906pam a2200253 a 4500 | ||
|---|---|---|---|
| 999 |
_c129761 _d129761 |
||
| 001 | 3855321 | ||
| 003 | ARRUPE | ||
| 005 | 20190828100421.0 | ||
| 008 | 880414s1989 nyua b 001 0 eng | ||
| 010 | _a 88012560 | ||
| 020 |
_a0195055721 (pbk.) : _c$22.95 |
||
| 040 |
_aDLC _cDLC _dDLC |
||
| 050 | 0 | 0 |
_aHD82 _b.M44 1989 |
| 082 | 0 | 0 |
_a338.9 _219 |
| 245 | 0 | 0 |
_aLeading issues in economic development / _c[edited by] Gerald M. Meier. |
| 250 | _a5th ed. | ||
| 260 |
_aNew York : _bOxford University Press, _c1989. |
||
| 300 |
_axvi, 560 p. : _bill. ; _c24 cm. |
||
| 504 | _aIncludes bibliographical references and index. | ||
| 650 | 0 |
_aEconomic development. _99273 |
|
| 700 | 1 |
_aMeier, Gerald M. _947965 |
|
| 856 | 4 | 2 |
_3Publisher description _uhttp://www.loc.gov/catdir/enhancements/fy0635/88012560-d.html |
| 906 |
_a7 _bcbc _corignew _d1 _eocip _f19 _gy-gencatlg |
||
| 942 |
_2lcc _cMONOGRAPH |
||